[Event "35th Asia-ch U20"]
[Site "Sharjah UAE"]
[Date "2013.04.01"]
[Round "3.9"]
[White "Hosseinipour, Mehdi"]
[Black "Mayed, Al-Rashedi"]
[Result "1-0"]
[WhiteElo "2251"]
[BlackElo "1785"]
[EventDate "2013.03.30"]

1.e4 c5 2.Nf3 Nc6 3.d4 cxd4 4.Nxd4 g6 5.c4 Nf6 6.Nc3 Nxd4 7.Qxd4 d6 8.Bg5 
Bg7 9.Be2 O-O 10.Qd2 Be6 11.Rc1 Rc8 12.b3 Re8 13.O-O Qb6 14.Be3 Qa5 15.f3 
a6 16.Bd4 Rcd8 17.Rcd1 Nd7 18.f4 Bxd4+ 19.Qxd4 Nf6 20.Kh1 Qc5 21.Qd2 Rc8 
22.Qb2 b5 23.f5 gxf5 24.exf5 Bxf5 25.Nd5 Bg6 26.Rxf6 bxc4 27.Bxc4 Bh5 28.
Rf5 1-0

[Event "35th Asia-ch U20"]
[Site "Sharjah UAE"]
[Date "2013.04.01"]
[Round "3.10"]
[White "Sultan, Ibrahim"]
[Black "Sattarov, Bobir"]
[Result "0-1"]
[WhiteElo "1886"]
[BlackElo "2187"]
[EventDate "2013.03.30"]

1.d4 Nf6 2.c4 g6 3.Nc3 Bg7 4.e4 d6 5.f3 Nc6 6.Be3 O-O 7.Qd2 a6 8.O-O-O Rb8
9.g4 e5 10.Nge2 b5 11.d5 Na5 12.Ng3 Bd7 13.cxb5 axb5 14.b4 Nc4 15.Bxc4 
bxc4 16.a3 Ra8 17.Kb2 Qc8 18.Ra1 c6 19.dxc6 Bxc6 20.Qxd6 Rd8 21.Qc5 Qe6 
22.Rhd1 Rdc8 23.Qd6 Qe8 24.g5 Nd7 25.b5 Bf8 26.Qd2 Rab8 27.a4 Nc5 28.Bxc5 
Bxc5 29.Kc2 Rd8 30.Qe1 Bb7 31.Nd5 Qe6 32.Nf6+ Kg7 33.Ne2 Rd3 34.Qh4 h5 35.
gxh6+ Kh8 36.Nd7 Be7 37.Qg3 Bxe4 38.Rxd3 Bxd3+ 39.Kd2 Re8 40.Qxe5+ Qxe5 
41.Nxe5 Bb4+ 42.Kd1 Rxe5 43.Ra2 c3 44.Nd4 Re1+ 45.Kxe1 c2+ 46.Kf2 c1=Q 47.
Ne2 Bc5+ 48.Kg2 Qc4 0-1

[Event "35th Asia-ch U20"]
[Site "Sharjah UAE"]
[Date "2013.04.01"]
[Round "3.11"]
[White "Ali, Rashid Ghanem"]
[Black "Abdel Rabb, Raouf"]
[Result "1/2-1/2"]
[WhiteElo "1741"]
[BlackElo "2036"]
[EventDate "2013.03.30"]

1.d4 d5 2.Nf3 Nf6 3.c4 e6 4.g3 dxc4 5.Bg2 c5 6.Qa4+ Bd7 7.Qxc4 Nc6 8.O-O 
b5 9.Qc3 Rc8 10.Bg5 Be7 11.dxc5 O-O 12.Rd1 Ne4 13.Qd3 Nxc5 14.Bxe7 Qxe7 
15.Qd6 Qxd6 16.Rxd6 Rfd8 17.Nc3 b4 18.Nb5 Na5 19.a4 a6 20.Nbd4 Nc4 21.Rxd7
Rxd7 22.b3 e5 23.Bh3 exd4 24.Bxd7 Nxd7 25.bxc4 Rxc4 26.Rd1 Kf8 27.Nxd4 Nc5
28.Nc6 f6 29.Rd8+ Kf7 30.Rb8 Nd7 31.Rb7 Rxc6 32.Rxd7+ Ke6 33.Rb7 a5 34.Rb5
Ra6 35.Kf1 Kd6 36.Ke1 Kc6 37.Kd2 Ra8 38.Kc2 Re8 39.e3 Re5 40.Rb8 Rc5+ 41.
Kb2 Kd5 42.f3 Kc4 43.Rd8 Rd5 44.Rc8+ Kd3 45.Rb8 Kxe3 46.Rb5 Kd4 47.Rb7 Rh5
48.h4 g6 49.Re7 Re5 50.Rd7+ Ke3 51.Rxh7 Kxf3 52.Rh6 Re2+ 53.Kb1 Re3 54.
Rxg6 Rb3+ 55.Kc2 Ra3 56.h5 Rxa4 57.Kb2 b3 58.h6 Ra2+ 59.Kxb3 Rh2 60.Rxf6+ 
Kxg3 61.Ra6 Kg4 62.Rxa5 Rxh6 1/2-1/2

[Event "35th Asia-ch U20"]
[Site "Sharjah UAE"]
[Date "2013.04.01"]
[Round "3.12"]
[White "Jaiswal, Rupesh"]
[Black "Hamdan, Marshool"]
[Result "1-0"]
[WhiteElo "2014"]
[BlackElo "1756"]
[EventDate "2013.03.30"]

1.d4 d5 2.Nf3 e6 3.Bf4 c5 4.e3 Nc6 5.c3 Bd6 6.Bg3 Nf6 7.Bd3 O-O 8.Nbd2 Qe7
9.O-O Bxg3 10.hxg3 e5 11.dxe5 Nxe5 12.Nxe5 Qxe5 13.Nf3 Qe7 14.Qc2 c4 15.
Bf5 Bxf5 16.Qxf5 Qe6 17.Nd4 Qxf5 18.Nxf5 Rfe8 19.Rfd1 Rad8 20.Rd4 g6 21.
Nh4 Re6 22.Nf3 Rb6 23.Rb1 Ne4 24.Nd2 Nxd2 25.Rxd2 f5 26.Rbd1 Rb5 27.f3 Kf7
28.Kf2 Ke6 29.Rh1 Rd7 30.Ke1 Rc5 31.Kd1 b5 32.Rh4 Kf6 33.g4 g5 34.Rh6+ Kg7
35.Rh5 Kg6 36.g3 fxg4 37.fxg4 h6 38.Rh1 Rc6 39.e4 Re6 40.exd5 Red6 41.Rdh2
Rxd5+ 42.Kc2 Rh7 43.Re1 Rd6 44.Re5 a6 45.a4 Rb7 46.Rhe2 Rbb6 47.axb5 axb5 
48.Rd2 Rxd2+ 49.Kxd2 b4 50.Rc5 bxc3+ 51.bxc3 Rd6+ 52.Kc2 Rd3 53.Rc6+ Kg7 
54.Rxc4 Rxg3 55.Rd4 Rf3 56.c4 Kf7 57.c5 Ke7 58.c6 Rf6 59.Rc4 Kd8 60.Kd3 
Kc7 61.Ke3 Rxc6 62.Rxc6+ Kxc6 63.Ke4 Kd6 64.Kf5 Kd5 65.Kg6 Ke4 66.Kxh6 Kf4
67.Kh5 Ke5 68.Kxg5 Ke6 69.Kg6 Ke7 70.Kg7 1-0

[Event "35th Asia-ch U20"]
[Site "Sharjah UAE"]
[Date "2013.04.01"]
[Round "4.4"]
[White "Kowsarinia, Amir"]
[Black "Saiyn, Zhanat"]
[Result "1-0"]
[WhiteElo "2301"]
[BlackElo "2278"]
[EventDate "2013.03.30"]

1.d4 Nf6 2.c4 g6 3.Nc3 d5 4.cxd5 Nxd5 5.Na4 Bg7 6.e4 Nb6 7.Be3 O-O 8.Be2 
Nxa4 9.Qxa4 c5 10.Nf3 Bg4 11.dxc5 Bxb2 12.Rb1 Bc3+ 13.Nd2 Bxd2+ 14.Bxd2 
Bxe2 15.Kxe2 Qc8 16.Rhc1 Nc6 17.Kf1 Rd8 18.Be3 Qc7 19.Kg1 Rd3 20.h3 Rad8 
21.Rb2 Nd4 22.Rcb1 Qxc5 23.Kh1 Qe5 24.Rxb7 Ne2 25.R7b5 Qd6 26.e5 Qe6 27.
Qa5 Kg7 28.Re1 Nd4 29.Qxd8 Qc4 30.Rb8 1-0

[Event "35th Asia-ch U20"]
[Site "Sharjah UAE"]
[Date "2013.04.01"]
[Round "4.5"]
[White "Iyti, Basher"]
[Black "Jaiswal, Rupesh"]
[Result "1-0"]
[WhiteElo "2292"]
[BlackElo "2014"]
[EventDate "2013.03.30"]

1.d4 Nf6 2.Nf3 g6 3.Bg5 Bg7 4.Nbd2 d6 5.c3 Nbd7 6.e4 b6 7.Bc4 e5 8.dxe5 
dxe5 9.O-O Bb7 10.Qe2 Qe7 11.Rfd1 O-O 12.a4 a5 13.Nf1 Nc5 14.Ng3 Ne6 15.
Qe3 Nc5 16.Nh4 Bc8 17.Bd5 Nxd5 18.Rxd5 f6 19.Bh6 Be6 20.Bxg7 Kxg7 21.b4 c6
22.Rdd1 axb4 23.cxb4 Nxa4 24.Qc1 Rfc8 25.Ra3 b5 26.h3 Ra7 27.Nh5+ gxh5 28.
Rg3+ Kf8 29.Qh6+ Ke8 30.Nf5 Rd8 31.Qxh5+ Kf8 32.Qh6+ Ke8 33.Ng7+ Qxg7 34.
Rxd8+ Kxd8 35.Rxg7 Bd7 36.Qxf6+ Kc8 37.Qf8+ Kc7 38.Rxd7+ 1-0

[Event "35th Asia-ch U20"]
[Site "Sharjah UAE"]
[Date "2013.04.01"]
[Round "4.6"]
[White "Mukashev, Assan"]
[Black "Ikramul, Haque Siam"]
[Result "1-0"]
[WhiteElo "2256"]
[BlackElo "2079"]
[EventDate "2013.03.30"]

1.d4 d5 2.c4 e6 3.g3 Nf6 4.Bg2 c6 5.Qc2 Nbd7 6.Nf3 Bb4+ 7.Nc3 dxc4 8.O-O 
O-O 9.a4 a6 10.Na2 Bd6 11.Qxc4 e5 12.Rd1 Qc7 13.Nc3 Re8 14.Qb3 exd4 15.
Nxd4 Nc5 16.Qc2 Bg4 17.Bg5 Ncd7 18.Nf5 Be5 19.Ne3 Bh5 20.Rac1 h6 21.Bxf6 
Nxf6 22.Ncd5 Nxd5 23.Nxd5 cxd5 24.Qxc7 Bxc7 25.Rxc7 Rxe2 26.Bxd5 Rxb2 27.
Re1 Rd8 28.Rxb7 Rxb7 29.Bxb7 Rd1 30.Kf1 a5 31.f3 Rxe1+ 32.Kxe1 Kf8 33.Kd2 
Ke7 34.Kc3 Kd6 35.Kc4 Kc7 36.Be4 Kb6 37.g4 Bg6 38.Bxg6 fxg6 39.Kd5 g5 40.
Kd6 g6 1-0

[Event "35th Asia-ch U20"]
[Site "Sharjah UAE"]
[Date "2013.04.01"]
[Round "4.7"]
[White "Sattarov, Bobir"]
[Black "Hosseinipour, Mehdi"]
[Result "1-0"]
[WhiteElo "2187"]
[BlackElo "2251"]
[EventDate "2013.03.30"]

1.d4 Nf6 2.Nf3 e6 3.Bg5 c5 4.e3 cxd4 5.exd4 Qb6 6.Qc1 Nc6 7.c3 Be7 8.Bd3 
h6 9.Bh4 d5 10.Nbd2 Qc7 11.O-O O-O 12.Qe1 Re8 13.Bg3 Bd6 14.Bxd6 Qxd6 15.
Ne5 Bd7 16.f4 Qe7 17.Qg3 Rf8 18.Rae1 Nxe5 19.fxe5 Nh7 20.Rf2 Qg5 21.Qh3 f5
22.exf6 Nxf6 23.Nf3 Qg4 24.Qxg4 Nxg4 25.Rfe2 Rad8 26.h3 Nf6 27.Ne5 Bc8 28.
g4 Rd6 29.h4 Nh7 30.Ng6 Rf7 31.Rf1 Rxf1+ 32.Kxf1 Rd7 33.Ne5 Rd8 34.Rf2 Nf8
35.g5 hxg5 36.hxg5 Bd7 37.Rf7 a6 38.Kf2 b5 39.Re7 Be8 40.Ra7 Rd6 41.Ra8 
Bh5 42.Bg6 1-0

[Event "35th Asia-ch U20"]
[Site "Sharjah UAE"]
[Date "2013.04.01"]
[Round "4.9"]
[White "Gameel, Mohamed"]
[Black "El Jawich, Amro"]
[Result "1/2-1/2"]
[WhiteElo "2217"]
[BlackElo "2190"]
[EventDate "2013.03.30"]

1.e4 c5 2.Nf3 d6 3.Bb5+ Nd7 4.O-O a6 5.Bxd7+ Bxd7 6.c3 Nf6 7.Re1 e6 8.d4 
Be7 9.e5 dxe5 10.dxe5 Nd5 11.c4 Nb6 12.Qe2 Qc7 13.Nc3 O-O-O 14.Ne4 Bc6 15.
Bd2 Nd7 16.Bc3 Bxe4 17.Qxe4 Nb8 18.a3 Nc6 19.Reb1 Qd7 20.Qc2 g5 21.b4 g4 
22.Ne1 Nd4 23.Qe4 Qc6 24.Qxg4 Rhg8 25.Qh3 Ne2+ 26.Kh1 Nf4 27.b5 axb5 28.
cxb5 Qd5 29.Qf3 Qxf3 30.Nxf3 Rxg2 31.Ra2 Rdg8 32.Rg1 Rxg1+ 33.Nxg1 Rd8 34.
Bd2 Nd3 35.f4 Nf2+ 36.Kg2 Ne4 37.Be3 Rd3 38.Bf2 c4 39.a4 c3 40.Nf3 Rd2 41.
Nxd2 cxd2 42.Ra1 Nc3 43.Bd4 d1=Q 44.Rxd1 Nxd1 45.Kf3 Bb4 46.Kg4 Nc3 47.Kg5
Nd5 48.Kh6 Nxf4 49.Kxh7 Ne2 50.Be3 Bc3 51.Kg7 Bxe5+ 52.Kxf7 Bxh2 53.a5 e5 
54.a6 bxa6 55.bxa6 Bg1 56.Bg5 e4 57.Ke6 e3 58.Kd5 Ng3 59.Kc6 e2 60.Bd2 Nf1
61.Be1 Kb8 62.Kd5 Bh2 63.Ke4 Bg3 64.Kd5 Ne3+ 1/2-1/2

[Event "35th Asia-ch U20"]
[Site "Sharjah UAE"]
[Date "2013.04.01"]
[Round "4.10"]
[White "Abdel Rabb, Raouf"]
[Black "Chahrour, Ibrahim"]
[Result "1-0"]
[WhiteElo "2036"]
[BlackElo "1974"]
[EventDate "2013.03.30"]

1.e4 c5 2.Nf3 Nc6 3.d3 d6 4.g3 g6 5.Bg2 Bg7 6.O-O e5 7.c3 Nge7 8.a3 a5 9.
a4 O-O 10.Na3 h6 11.Nb5 Be6 12.Nd2 f5 13.f4 exf4 14.gxf4 d5 15.e5 g5 16.d4
c4 17.fxg5 hxg5 18.Nf3 g4 19.Ng5 Bc8 20.h3 Qb6 21.Kh2 Nd8 22.Nd6 Ne6 23.
hxg4 f4 24.Nh3 Ng6 25.Bxd5 Nxe5 26.dxe5 Bxe5 27.Nxc4 1-0

[Event "35th Asia-ch U20"]
[Site "Sharjah UAE"]
[Date "2013.04.01"]
[Round "4.11"]
[White "Hamdan, Marshool"]
[Black "Abo-Hazeem, Mohanned"]
[Result "1/2-1/2"]
[WhiteElo "1756"]
[BlackElo "1929"]
[EventDate "2013.03.30"]

1.e4 c5 2.Nf3 Nc6 3.d4 cxd4 4.Nxd4 g6 5.c4 Nf6 6.Nc3 Nxd4 7.Qxd4 d6 8.Be2 
Bg7 9.Qd1 O-O 10.O-O Be6 11.Rb1 Qd7 12.b3 Rfc8 13.Bb2 a6 14.Nd5 Bxd5 15.
exd5 Ne4 16.Bxg7 Kxg7 17.Qd4+ Nf6 18.h3 Kg8 19.Rfe1 b5 20.Bd3 bxc4 21.Bxc4
Qa7 22.Qd3 Re8 23.Re3 Nd7 24.f4 Nb6 25.Kh2 Nxc4 26.bxc4 Rab8 27.Rb3 Rxb3 
28.Qxb3 Qd4 29.Kg3 h5 30.Kf3 Rc8 31.Re4 Qf6 32.Qe3 Kh7 33.Qd4 Qxd4 34.Rxd4
f5 35.Ke3 Rc5 36.Ke2 Kg7 37.Kd1 Ra5 38.Rd2 Ra3 39.Rc2 Kf6 40.Kc1 h4 41.Re2
Kf7 42.Kb1 Ke8 43.Rb2 Rc3 44.Rc2 Rd3 45.Kb2 Rd4 46.Kc3 Rxf4 47.Kb4 g5 48.
Ka5 g4 49.hxg4 fxg4 50.Kxa6 g3 51.Re2 Rg4 52.Re1 Rxc4 53.Kb5 Rc2 54.a4 
Rxg2 55.a5 Ra2 56.a6 g2 57.Kb6 h3 58.a7 Rxa7 59.Kxa7 h2 60.Rc1 g1=Q+ 61.
Rxg1 hxg1=Q+ 62.Kb7 Qc1 63.Kb6 Qc5+ 64.Kb7 Kd7 65.Kb8 Qc7+ 66.Ka8 e6 67.
dxe6+ Kc6 1/2-1/2

[Event "35th Asia-ch U20"]
[Site "Sharjah UAE"]
[Date "2013.04.01"]
[Round "4.12"]
[White "Muhammed, Shuaau"]
[Black "Walid, Anwar"]
[Result "0-1"]
[WhiteElo "1712"]
[BlackElo "1893"]
[EventDate "2013.03.30"]

1.e4 e5 2.Nf3 Nf6 3.Nxe5 d6 4.Nf3 Nxe4 5.d4 d5 6.Bd3 Nc6 7.O-O Be7 8.Re1 
Bg4 9.c3 f5 10.Qb3 O-O 11.Qxb7 Rf6 12.Qb3 Rb8 13.Qd1 Bd6 14.Na3 Bxa3 15.
bxa3 Nxc3 16.Qc2 Ne4 17.Bxe4 fxe4 18.Bg5 exf3 19.Qc5 Qd6 20.Bxf6 Qxc5 21.
dxc5 gxf6 22.gxf3 Bh3 23.Rab1 Rd8 24.Rb7 Ne5 25.Re3 d4 26.Reb3 d3 27.Rb1 
Nxf3+ 28.Kh1 d2 29.Rd1 Re8 0-1

[Event "35th Asia-ch U20"]
[Site "Sharjah UAE"]
[Date "2013.04.06"]
[Round "5.1"]
[White "Grover, Sahaj"]
[Black "Narayanan, Srinath"]
[Result "1/2-1/2"]
[WhiteElo "2467"]
[BlackElo "2440"]
[EventDate "2013.03.30"]

1.e4 c5 2.Nc3 d6 3.f4 g6 4.Nf3 Bg7 5.Bb5+ Bd7 6.Bc4 Nc6 7.O-O Na5 8.Be2 
Nf6 9.Qe1 O-O 10.Qh4 Nc6 11.d3 Nd4 12.Bd1 Bg4 13.f5 Bxf3 14.gxf3 gxf5 15.
Kh1 Kh8 16.Rg1 Rg8 17.Bg5 Ne6 18.f4 fxe4 19.dxe4 Nxg5 20.Rxg5 Nd7 21.e5 
dxe5 22.Bf3 e6 23.Rd1 f5 24.Ne4 h6 25.Nxc5 exf4 26.Nxe6 Qf6 27.Rxd7 Qxe6 
28.Rd1 Bxb2 29.Bd5 Qd6 30.Rxg8+ Rxg8 31.Qh5 Qg6 32.Qh3 Rg7 33.Qf1 Be5 34.
Re1 Bd4 35.Qg2 Qh5 36.Qf3 Qg5 37.Qg2 Qd8 38.Qf3 Qe7 39.Qd1 Be3 40.Re2 Qe5 
41.c4 b5 42.Rg2 bxc4 43.Rxg7 Kxg7 44.Kg2 Qb2+ 45.Kh3 Qxa2 46.Qh5 Kf6 47.
Qe8 Qa6 48.Bc6 Qb6 49.Bd7 Qd6 50.Qh8+ Ke7 51.Qe8+ Kf6 52.Qh8+ Kf7 53.Qh7+ 
Kf8 54.Qh8+ Ke7 1/2-1/2

[Event "35th Asia-ch U20"]
[Site "Sharjah UAE"]
[Date "2013.04.06"]
[Round "5.2"]
[White "Salem, A.R. Saleh"]
[Black "Debashis, Das"]
[Result "1/2-1/2"]
[WhiteElo "2518"]
[BlackElo "2477"]
[EventDate "2013.03.30"]

1.d4 Nf6 2.c4 e6 3.Nc3 Bb4 4.e3 O-O 5.Ne2 d5 6.a3 Be7 7.cxd5 exd5 8.Nf4 a5
9.Bd3 Na6 10.O-O Re8 11.Bc2 Bf8 12.f3 c5 13.dxc5 Bxc5 14.Ncxd5 Nc7 15.
Nxf6+ Qxf6 16.Kh1 Bxe3 17.Bxe3 Rxe3 18.Nh5 Qe7 19.Qd4 Qe5 20.Qd8+ Ne8 21.
Be4 Rb8 22.Rae1 Rxe1 23.Rxe1 Be6 24.Qh4 Qxb2 25.Bxh7+ Kxh7 26.Nf6+ Kg6 27.
Ng8 f5 28.Rxe6+ Kf7 29.Qc4 Kf8 30.h4 b5 31.Qc6 Qf2 32.Ne7 Qxh4+ 33.Kg1 
Qd4+ 34.Kh1 Qh4+ 35.Kg1 Qd4+ 36.Kh1 1/2-1/2

[Event "35th Asia-ch U20"]
[Site "Sharjah UAE"]
[Date "2013.04.06"]
[Round "5.3"]
[White "Kowsarinia, Amir"]
[Black "Mukashev, Assan"]
[Result "1-0"]
[WhiteElo "2301"]
[BlackElo "2256"]
[EventDate "2013.03.30"]

1.Nf3 Nf6 2.c4 b6 3.g3 Bb7 4.Bg2 e6 5.O-O Be7 6.d4 O-O 7.d5 exd5 8.Nh4 c6 
9.cxd5 Nxd5 10.Nf5 Nc7 11.e4 d5 12.Nc3 Nba6 13.Re1 Bf6 14.e5 Be7 15.Qg4 
Ne6 16.Rd1 Kh8 17.Ne4 Nac5 18.Ned6 Ba6 19.f4 f6 20.b4 Nb7 21.b5 fxe5 22.
fxe5 Nxd6 23.Nxe7 Qxe7 24.exd6 Qf6 25.bxa6 Qxa1 26.Qxe6 Rae8 27.Qg4 Qxa2 
28.Rf1 Rxf1+ 29.Bxf1 Rf8 30.Bf4 d4 31.d7 Qd5 32.Bd3 g6 33.Qg5 Qxd7 34.Be5+
Kg8 35.Bc4+ Rf7 36.Qh6 1-0

[Event "35th Asia-ch U20"]
[Site "Sharjah UAE"]
[Date "2013.04.06"]
[Round "5.4"]
[White "Sattarov, Bobir"]
[Black "Iyti, Basher"]
[Result "0-1"]
[WhiteElo "2187"]
[BlackElo "2292"]
[EventDate "2013.03.30"]

1.Nf3 c6 2.d4 d5 3.Bf4 Qb6 4.Qc1 Bg4 5.Nbd2 Nd7 6.e3 Ngf6 7.h3 Bh5 8.c4 c5
9.Be2 e6 10.O-O Rc8 11.Qc2 cxd4 12.exd4 Bd6 13.Bxd6 Qxd6 14.Qa4 O-O 15.c5 
Qc7 16.b4 Ne4 17.Bd3 Bg6 18.Bxe4 Bxe4 19.Nxe4 dxe4 20.Nd2 f5 21.Nc4 Nf6 
22.Qxa7 Nd5 23.Qa3 Rf6 24.Rae1 Rd8 25.Ne5 g5 26.g3 h5 27.b5 Qh7 28.c6 bxc6
29.Nxc6 Rdf8 30.Qd6 h4 31.g4 fxg4 32.hxg4 e3 33.f3 Nf4 34.Qc5 e2 35.Rxe2 
Nxe2+ 36.Kh2 Qg7 37.Ne5 Rf4 38.Rd1 Rd8 39.Nc6 Rxf3 40.Nxd8 Rf2+ 41.Kh1 Qf6
42.Qc6 Rf1+ 43.Kh2 Qf4+ 0-1

[Event "35th Asia-ch U20"]
[Site "Sharjah UAE"]
[Date "2013.04.06"]
[Round "5.5"]
[White "Anurag, Mhamal"]
[Black "Abdel Rabb, Raouf"]
[Result "1-0"]
[WhiteElo "2401"]
[BlackElo "2036"]
[EventDate "2013.03.30"]

1.c4 e6 2.g3 d5 3.Bg2 Nf6 4.Nf3 dxc4 5.Qa4+ Nbd7 6.Qxc4 a6 7.Qc2 c5 8.O-O 
Be7 9.Rd1 Rb8 10.d4 b5 11.Bf4 Rb6 12.dxc5 Bxc5 13.b4 Bxb4 14.Bc7 Qe7 15.
Nd4 O-O 16.Bxb6 Nxb6 17.Nc6 Qc5 18.Qb2 a5 19.a3 Na4 20.Qb3 Bc3 21.Rc1 Bxa1
22.Rxc5 Nxc5 23.Qxb5 Nce4 24.Bxe4 Nxe4 25.Ne7+ Kh8 26.Qc6 1-0

[Event "35th Asia-ch U20"]
[Site "Sharjah UAE"]
[Date "2013.04.06"]
[Round "5.6"]
[White "Saiyn, Zhanat"]
[Black "Tran, Tuan Minh"]
[Result "1/2-1/2"]
[WhiteElo "2278"]
[BlackElo "2310"]
[EventDate "2013.03.30"]

1.d4 Nf6 2.c4 e6 3.Nc3 Bb4 4.e3 Bxc3+ 5.bxc3 O-O 6.Ba3 Re8 7.Bd3 Nc6 8.Ne2
d6 9.O-O b6 10.Nc1 e5 11.Nb3 Ba6 12.e4 Ne7 13.Bc1 Ng6 14.f3 c5 15.d5 Bc8 
16.a4 Bd7 17.g3 Qe7 18.Be3 Reb8 19.Qc2 a6 20.Nd2 Ra7 21.Rfb1 Rab7 22.Kg2 
h6 23.a5 Bc8 24.axb6 Rxb6 25.Rxb6 Rxb6 26.Nb3 h5 27.Na5 h4 28.Kf2 Nh5 29.
Rg1 Bd7 30.Bc1 Qd8 31.Qa2 Rb8 32.Ke1 Qf6 33.Kf2 Kh7 34.Be2 Rh8 35.Be3 
hxg3+ 36.hxg3 Ngf4 37.Ke1 Nh3 38.Rg2 g6 39.Kd2 Ng5 40.Kc1 Bh3 41.Rh2 Nxg3 
42.Qd2 Nxe2+ 43.Qxe2 Kg7 44.Rf2 Bd7 45.Qf1 Rh3 46.Qg2 Nxf3 47.Nb3 g5 48.
Nd2 g4 49.Nxf3 Rxf3 50.Re2 Qg6 51.Kb2 f5 52.exf5 Bxf5 53.Qh2 Rh3 54.Qg1 
Rh8 55.Qg3 Rh3 56.Qg1 Rh8 57.Qg3 Bd7 58.Bxc5 Rh3 59.Qe1 g3 60.Ba7 Rh2 61.
Ka3 Qd3 62.Re3 Qc2 63.Rxg3+ Kf6 64.Rf3+ Bf5 65.Rf2 Rxf2 66.Bxf2 a5 67.c5 
a4 68.Kb4 Qb3+ 69.Ka5 Bd3 70.Bh4+ Kf7 71.c4 Bxc4 72.Qb4 a3 73.Be1 a2 74.
Bc3 e4 75.cxd6 e3 76.d7 Qxb4+ 77.Kxb4 Ke7 78.d8=Q+ Kxd8 79.Ka3 Kd7 80.Kb2 
Kd6 81.Ka1 Kc5 82.d6 Kxd6 83.Ba5 Kd5 84.Be1 1/2-1/2

[Event "35th Asia-ch U20"]
[Site "Sharjah UAE"]
[Date "2013.04.06"]
[Round "5.8"]
[White "Jaiswal, Rupesh"]
[Black "Gameel, Mohamed"]
[Result "0-1"]
[WhiteElo "2014"]
[BlackElo "2217"]
[EventDate "2013.03.30"]

1.d4 Nf6 2.Nf3 e6 3.Bf4 b6 4.e3 Bb7 5.Bd3 Be7 6.Nbd2 Nh5 7.Bg3 f5 8.Ne5 g6
9.Be2 Bxg2 10.Rg1 Nxg3 11.Rxg2 Nxe2 12.Qxe2 Bf6 13.Qf3 c6 14.Qg3 d6 15.
Nec4 Be7 16.Nf3 b5 17.Ncd2 Nd7 18.h4 Nf6 19.Ng5 Qd7 20.O-O-O h6 21.Nf7 Rh7
22.Ne5 dxe5 23.Qxg6+ Rf7 24.Nf3 Bf8 25.Nxe5 Qc7 26.Rgg1 h5 27.Rd3 Bd6 28.
Nxf7 Qxf7 29.Qg2 Kd7 30.Qg7 Qxg7 31.Rxg7+ Be7 32.Rd1 Rg8 33.Rxg8 Nxg8 34.
Kd2 Bxh4 35.Rh1 Bxf2 36.Ke2 Bg3 37.Rxh5 Bd6 38.Rh8 Ne7 39.Kd3 a5 40.c3 c5 
41.e4 c4+ 42.Ke3 Bf4+ 43.Kf3 Bc1 44.Rb8 Bxb2 45.Rxb5 Bxc3 46.Rc5 Bxd4 47.
Rxc4 fxe4+ 48.Kxe4 Nc6 49.a4 e5 50.Kd5 Nb4+ 51.Ke4 Kd6 52.Rc8 Na6 53.Kd3 
Nc5+ 54.Kc4 Nxa4 55.Kb5 Nb6 56.Rd8+ Kc7 57.Rg8 a4 58.Rg3 Kd6 59.Kb4 0-1

[Event "35th Asia-ch U20"]
[Site "Sharjah UAE"]
[Date "2013.04.06"]
[Round "5.9"]
[White "El Jawich, Amro"]
[Black "Abo-Hazeem, Mohanned"]
[Result "1/2-1/2"]
[WhiteElo "2190"]
[BlackElo "1929"]
[EventDate "2013.03.30"]

1.e4 c5 2.Nc3 Nc6 3.f4 g6 4.Nf3 Bg7 5.a3 d6 6.Bc4 Bg4 7.Bxf7+ Kf8 8.Bxg8 
Kxg8 9.h3 Bxf3 10.Qxf3 Nd4 11.Qd1 e5 12.O-O exf4 13.d3 f3 14.gxf3 Qh4 15.
Kg2 g5 16.Nd5 Rf8 17.f4 gxf4 18.Bxf4 Be5 19.Bxe5 dxe5 20.Qg4+ Qxg4+ 21.
hxg4 Kg7 22.c3 Nb3 23.Rad1 Rxf1 24.Rxf1 Rf8 25.Rf5 Rxf5 26.exf5 Nc1 27.d4 
exd4 28.cxd4 cxd4 29.Kf3 Nd3 30.b4 Ne5+ 31.Kf4 Nd3+ 32.Ke4 Nf2+ 33.Kf3 Nd3
34.g5 Ne5+ 35.Ke4 Nf7 36.g6 hxg6 37.fxg6 Nd6+ 38.Kxd4 Nb5+ 39.Ke5 Nxa3 40.
Kd6 Kxg6 41.Kc7 Nc2 42.Kxb7 Nxb4 43.Kxa7 Nxd5 1/2-1/2

[Event "35th Asia-ch U20"]
[Site "Sharjah UAE"]
[Date "2013.04.06"]
[Round "5.12"]
[White "Sultan, Ibrahim"]
[Black "Sultan, Marshool"]
[Result "1-0"]
[WhiteElo "1886"]
[BlackElo "1736"]
[EventDate "2013.03.30"]

1.d4 Nf6 2.c4 e6 3.Nf3 d5 4.Bg5 Nbd7 5.e3 c6 6.Nc3 Qa5 7.Nd2 Bb4 8.Rc1 
Bxc3 9.bxc3 Qxa2 10.Bd3 Qa5 11.f4 O-O 12.O-O Qc7 13.Nf3 dxc4 14.Bxc4 Ne4 
15.Qc2 Nxg5 16.Nxg5 Nf6 17.Bd3 h6 18.Nf3 c5 19.Qe2 Bd7 20.Ne5 Rac8 21.g4 
Bc6 22.g5 hxg5 23.fxg5 Ne4 24.Qg4 Nd6 25.g6 fxg6 26.Qxe6+ Nf7 27.Qxg6 1-0

[Event "35th Asia-ch U20"]
[Site "Sharjah UAE"]
[Date "2013.04.06"]
[Round "6.1"]
[White "Narayanan, Srinath"]
[Black "Kowsarinia, Amir"]
[Result "1-0"]
[WhiteElo "2440"]
[BlackElo "2301"]
[EventDate "2013.03.30"]

1.e4 c5 2.Nf3 e6 3.d4 cxd4 4.Nxd4 Nf6 5.Nc3 Nc6 6.Nxc6 bxc6 7.e5 Nd5 8.Ne4
Qc7 9.f4 Qb6 10.c4 Ne3 11.Qd3 Bb4+ 12.Bd2 O-O 13.b3 d5 14.exd6 f5 15.Nf2 
e5 16.Bxb4 Qxb4+ 17.Qd2 Qb6 18.c5 Qxc5 19.Rc1 Qb6 20.fxe5 f4 21.Nd1 Bg4 
22.Nxe3 fxe3 23.Bc4+ Kh8 24.Qc3 e2 25.Kd2 Rf4 26.Rhe1 Qc5 27.Bd3 Qf2 28.h3
Bh5 29.g4 Be8 30.Rxe2 Qg3 31.Be4 Qh4 32.Qe3 Qh6 33.Kc3 a5 34.Kb2 a4 35.a3 
Bd7 36.Bf5 Bxf5 37.gxf5 Qh4 38.e6 Rd4 39.e7 Re8 40.Rc4 Rxc4 41.d7 1-0

[Event "35th Asia-ch U20"]
[Site "Sharjah UAE"]
[Date "2013.04.06"]
[Round "6.2"]
[White "Debashis, Das"]
[Black "Grover, Sahaj"]
[Result "1/2-1/2"]
[WhiteElo "2477"]
[BlackElo "2467"]
[EventDate "2013.03.30"]

1.e4 e6 2.Qe2 c5 3.Nf3 Nc6 4.g3 g6 5.Bg2 Bg7 6.O-O Nge7 7.c3 d6 8.Na3 O-O 
9.Nc2 e5 10.b4 cxb4 11.cxb4 d5 12.d3 a6 13.Bb2 d4 14.a4 Be6 15.Ng5 Bb3 16.
Ra3 Bxc2 17.Qxc2 h6 18.Nf3 Nxb4 19.Qb3 Nec6 20.Nd2 a5 21.f4 Na6 22.Nc4 Qe7
23.Nb6 Rab8 24.Nd5 Qd6 25.Bc1 Nc7 26.Nb6 Na6 27.Nd5 Nc7 28.Nb6 Na6 29.Nd5 
Nc7 30.Nb6 1/2-1/2

[Event "35th Asia-ch U20"]
[Site "Sharjah UAE"]
[Date "2013.04.06"]
[Round "6.3"]
[White "Iyti, Basher"]
[Black "Anurag, Mhamal"]
[Result "1/2-1/2"]
[WhiteElo "2292"]
[BlackElo "2401"]
[EventDate "2013.03.30"]

1.d4 Nf6 2.Nf3 c5 3.e3 g6 4.Bd3 Bg7 5.O-O O-O 6.Qe2 d5 7.c3 Qc7 8.Ne5 Nc6 
9.f4 Bf5 10.Nd2 Bxd3 11.Nxd3 cxd4 12.exd4 b5 13.f5 b4 14.fxg6 hxg6 15.Nxb4
Nxb4 16.cxb4 Qb6 17.a3 Qxd4+ 18.Kh1 Rac8 19.Nf3 Qe4 20.Qd1 e6 21.Ng5 Qh4 
22.Nf3 Qh5 23.Qe2 Rc4 24.Be3 Ng4 25.Bg1 Rfc8 26.Rad1 Nf6 27.Bxa7 Ne4 28.
Kg1 Rc2 29.Qd3 Bxb2 30.Bc5 Rc4 31.Bd4 Bxd4+ 32.Nxd4 Qg4 33.h3 Qg3 34.Rf3 
Qe5 35.Ne2 Rc2 36.Rdf1 Rd2 37.Qa6 Rc7 38.Nf4 Ng5 39.Rg3 Kg7 40.Qb6 Rcc2 
41.Qd8 Ne4 42.Rg4 Rf2 43.Rxf2 Rxf2 44.Rxg6+ fxg6 45.Qe7+ Kh6 46.Qh4+ Kg7 
47.Qe7+ Kh6 48.Qh4+ Kg7 49.Qe7+ Kg8 1/2-1/2

[Event "35th Asia-ch U20"]
[Site "Sharjah UAE"]
[Date "2013.04.06"]
[Round "6.4"]
[White "Tran, Tuan Minh"]
[Black "Salem, A.R. Saleh"]
[Result "1-0"]
[WhiteElo "2310"]
[BlackElo "2518"]
[EventDate "2013.03.30"]

1.d4 Nf6 2.Nf3 g6 3.g3 Bg7 4.Bg2 d5 5.O-O O-O 6.Ne5 c6 7.c4 dxc4 8.Nxc4 
Be6 9.Qd3 Na6 10.a3 Qc8 11.b4 Rd8 12.Bb2 Bh3 13.Qf3 Bg4 14.Qe3 Nd5 15.Qd3 
e5 16.Nxe5 Bxe5 17.dxe5 Nf4 18.Qe3 Nxg2 19.Qh6 Qe6 20.Nc3 g5 21.Qxg5+ Kh8 
22.Kxg2 Bh3+ 23.Kg1 Bxf1 24.Rxf1 Rg8 25.Qe3 Nc7 26.Ne4 Nd5 27.Qf3 b6 28.
Nd6 Raf8 29.e4 Ne7 30.Qc3 Nc8 31.Rd1 c5 32.bxc5 Ne7 33.f4 h5 34.f5 Qh6 35.
e6+ Kh7 36.Nxf7 Qf4 37.Rd7 Re8 38.Qh8+ 1-0

[Event "35th Asia-ch U20"]
[Site "Sharjah UAE"]
[Date "2013.04.06"]
[Round "6.6"]
[White "Mukashev, Assan"]
[Black "Sattarov, Bobir"]
[Result "1-0"]
[WhiteElo "2256"]
[BlackElo "2187"]
[EventDate "2013.03.30"]

1.d4 Nf6 2.Nf3 g6 3.c4 Bg7 4.Nc3 O-O 5.h3 d6 6.Bg5 h6 7.Bh4 g5 8.Bg3 Bf5 
9.e3 Nc6 10.Be2 Nd7 11.d5 Nb4 12.O-O a5 13.Nd4 Bh7 14.a3 Na6 15.Bd3 Bxd3 
16.Qxd3 Nac5 17.Qc2 a4 18.Nf5 e5 19.f4 Re8 20.fxg5 Qxg5 21.Bh4 Qh5 22.Rf2 
Bf8 23.Raf1 Qg6 24.Rf3 Kh8 25.Ne4 Nxe4 26.Qxe4 f6 27.Nxd6 Qxe4 28.Nxe4 b5 
29.Nxf6 Nxf6 30.Bxf6+ Kh7 31.cxb5 Bd6 32.e4 Rab8 33.b4 Rxb5 34.Rg3 Rg8 35.
Bh4 Rxg3 36.Bxg3 Rb8 37.Bf2 Kg6 38.Rc1 Rf8 39.Be3 h5 40.Rc6 h4 41.Ra6 Rf6 
42.Rxa4 Bf8 43.b5 1-0

[Event "35th Asia-ch U20"]
[Site "Sharjah UAE"]
[Date "2013.04.06"]
[Round "6.7"]
[White "Gameel, Mohamed"]
[Black "Hosseinipour, Mehdi"]
[Result "0-1"]
[WhiteElo "2217"]
[BlackElo "2251"]
[EventDate "2013.03.30"]

1.e4 c5 2.Nf3 d6 3.d4 cxd4 4.Nxd4 Nf6 5.Nc3 a6 6.Bg5 e6 7.Qd2 Be7 8.f4 Qc7
9.Nf3 Nbd7 10.Bd3 b5 11.O-O O-O 12.Rae1 Bb7 13.Kh1 Nc5 14.e5 dxe5 15.fxe5 
Nd5 16.Ne4 Nxd3 17.Qxd3 Nb4 18.Qe2 Bxg5 19.Nfxg5 h6 20.c3 Qxe5 21.Nxf7 
Qxe4 22.Qxe4 Bxe4 23.Rxe4 Nd5 24.Nxh6+ gxh6 25.Rfe1 Rae8 26.Kg1 Rf6 27.a4 
Kf7 28.axb5 axb5 29.Ra1 Re7 30.Ra8 Rd7 31.h3 Nf4 32.Rb4 Rd2 33.Kh1 Nxh3 
34.Rxb5 Ng5 35.Ra4 Rff2 36.Rg4 Rxb2 37.Rc5 Kf6 38.Rh4 Rf1+ 0-1